Регионална библиотека "Любен Каравелов" - Русе

Banerische Oftmark (Запис номер 343888)

MARC детайли
000 -Лидер
Контролно поле с фиксирана дължина 01142nam a2200277 c 4500
003 - Код на организацията, давaща контролен номер
Контролно поле BLK
005 - Дата и час на последна редакция
Контролно поле 20200422091320.0
008 - Елементи от данни с фиксирана дължина
fixed length control field 180911b bul|||||r ||||||| ||bul||
010 ## - Наследен системен номер
LC control number 003549
040 ## - Източник на каталожния запис
Идентификатор на билиотеката - собственик на записа BLK
041 ## - Код за език
Код за езика на текст/звукозапис или на отделно заглавие Немски
Код за езика КДБФ Български
080 ## - УДК
УДК - код + определител 39(430)
100 1# - Редна дума - Автор
Автор TRAMPLER, Kurt
Авторска отговорност първи автор
R(LIN) 399388
245 00 - Сведения за заглавието
Заглавие Banerische Oftmark
246 ## - Различни форми на заглавието
Паралелно заглавие Aufbau eines deutschen Grenzlandes
260 ## - Област на издателските данни
Място на издаване, разпространение и проч. Munechen
Име на издателя, разпространителя и проч. Banerland-Verlag G.m.b.h.
Година на издаване 1934
300 ## - Физическа характеристика
Страници 104 с. : с ил., 1 л
Илюстрации и др. к.
Размери/Мащаб 31 см
380 ## - Жанр
Жанр Естествени науки. Математика
490 ## - СЕРИИ (Колекции)
Име на серия Частна колекция - Академик Михаил Арнаудов
Бележки за серията Дарение - Основен фонд
500 ## - Общи забележки
Забележка Автограф с текст: "Braun schimmert die Grenze", "Treu steht die Mark". K. Prof. Arnaudow - Sofia ubermacht vom Deutchen Grenzgau "Bay. Ostmark" an Vize der Gauleitung in der Stadt Rich. Wagnerr u. H. H. Chambarlein, zu Bayrerh, 19. I. 1935 Krebe
655 ## - Ключова дума – жанр/разновидност
Данни за жанр/разновидност или ключова дума за фокус Етнология
700 1# - Други автори (авторска отговорност)
Лично име Kurt Trampler
9 (RLIN) 399389
700 1# - Други автори (авторска отговорност)
Лично име hrsg. vom Inst. zur Erforschung des deut. Volkstums in Suden und Sudosten bei der Munchener Univ.
9 (RLIN) 399390
852 ## - Местоположение
Форматна сигнатура МА 2962
Фондова буква Фонд "Михаил Арнаудов"
999 ## - СИСТЕМНИ КОНТРОЛНИ НОМЕРА
Koha biblionumber 343888
Koha biblioitemnumber 343888
942 ## - АРТИКУЛИ
Вид на библиотечния материал Книги
Скрит в OPAC Не
Периодичен библиозапис Да
944 ## - СЪЗДАВАНЕ И РЕДАКЦИЯ на ЗАПИСА
Създаване/Редакция Създаване
Дата на регистрацията/редакция 1994
999 ## - СИСТЕМНИ КОНТРОЛНИ НОМЕРА
Koha biblioitemnumber 343888
999 ## - СИСТЕМНИ КОНТРОЛНИ НОМЕРА
Koha biblioitemnumber 343888
Наличности
Код за отписване Код за изгубен артикул Източник на класификационната схема Код за повреда Коз за рестрикции Код за отдаване Артикулен № Име на библиотеката - собственик Име на библиотеката, в която се намира в момента Статус (Текущо местоположение) Местоположение - отдел Цена в лева Номерация (Хронология) Инвентарен номер Систематично азбучна сигнатура Баркод Номер на екземпляра Цена в евро Служебен тип на артикула
  Не е изгубен Universal Decimal Classification Не е повреден само за читалня Специални фондове ( старопечатни, редки и ценни, фонд М. Арнаудов) 744229 Регионална библиотека "Любен Каравелов" Русе Регионална библиотека "Любен Каравелов" Русе Фонд "Михаил Арнаудов" Фонд "Михаил Арнаудов" 30.00 Автограф: Кребе 589495 МА 2962 120000589495 1 15.34 Книги
Vip Innovations Ltd, Rousse, Bulgaria 2025